000 00227 a2200097 4500
001 41484
100 _aPick & hall, M
245 _aThe meaning of the glorion koran
260 _aLondan
_bGearge allen
_c
090 _c25645
_d25645
942 _aNUST-CAE
_cM
_c17386
999 _c276557
_d276557